Ultimate golf techniques
| Main Author: | |
|---|---|
| Format: | Book |
| Published: |
London :
Dorling Kindersley ,
1998
|
| Subjects: |
MARC
| LEADER | 00000cam a2200000 7i4500 | ||
|---|---|---|---|
| 001 | 0000011301 | ||
| 005 | 20050422.0 | ||
| 020 | |a 0751305944 | ||
| 040 | |a INS | ||
| 090 | 0 | 0 | |a GV963. |b C1501 1998 |
| 100 | 1 | |a Campbell, Malcolm | |
| 245 | 1 | 0 | |a Ultimate golf techniques |c Malcolm Campbell |
| 260 | |a London : |b Dorling Kindersley , |c 1998 | ||
| 300 | |a 216p : |b 23cm | ||
| 650 | 0 | 0 | |a Golf |
| 999 | |a 0000010170 |b BOOK |c Open Shelf |e Default branch | ||
| 999 | |a 0000013492 |b BOOK |c Open Shelf |e Default branch | ||